01877nam a22002297a 4500003001700000005001700017008004100034020001800075040000700093041001200100082001700112100002500129245003100154260003300185300003000218365005500248520111400303650005401417942001201471999001901483952014501502St Aloysius Coll20260129163223.0251201b |||||||| |||| 00| 0 eng d a9780812973013 cAL aEnglish a610.92bKIDM aTracy Kidder9247197 aMountains beyond mountains aNew YorkbRandom Housec2023 axvi,322p.bPBc20.3x13cm. 2GeneralaHYD8-6483931c₹f13/11/2025b₹1144.00 aNEW YORK TIMES BESTSELLER • 20th Anniversary Edition, with a new foreword by the author • “[A] masterpiece . . . an astonishing book that will leave you questioning your own life and political views.”—USA Today “If any one person can be given credit for transforming the medical establishment’s thinking about health care for the destitute, it is Paul Farmer. . . . [Mountains Beyond Mountains] inspires, discomforts, and provokes.”—The New York Times (Best Books of the Year) In medical school, Paul Farmer found his life’s calling: to cure infectious diseases and to bring the lifesaving tools of modern medicine to those who need them most. Tracy Kidder’s magnificent account shows how one person can make a difference in solving global health problems through a clear-eyed understanding of the interaction of politics, wealth, social systems, and disease. Profound and powerful, Mountains Beyond Mountains takes us from Harvard to Haiti, Peru, Cuba, and Russia as Farmer changes people’s minds through his dedication to the philosophy that “the only real nation is humanity.”  2TechnologyaMedicine and Health (Biology)9247198 2ddccBK c240688d240688 00102ddc40708MAENGaSACPGbSACPGd2025-11-21eAmazong1144.00l3o610.92 KIDMpPG025133r2025-12-20 10:31:31s2025-12-20w0000-00-00yBK